000 00881nam0a22002651 4500
001 rc\3475411
005 20250610021800.0
021 _aRU
_b[73-74626]
035 _a(NLR Aleph) 007642082
090 _a6136784
_c6136784
100 _a20130115d1973 |||y0rusy50 ca
101 0 _arus
102 _aRU
105 _ay z |||||
200 1 _aОрганизация и экономика реализации овощей
210 _aРостов-на-Дону
_cИзд-во Рост. ун-та
_d1973
215 _a140 с.
_cграф.
_d20
320 _aСписок лит.: с. 138-139 (37 назв.)
606 _aОвощи
_xРеализация
_yСеверный Кавказ
_2psbo
700 1 _aНаумцев
_bЕ.Ф.
_gЕвгений Федорович
801 0 _aRU
_bNLR
_gpsbo
801 1 _aRU
_bELAR
_2rusmarc
852 _aNLR
_j73-3/6997
942 _cBOOK
980 _aNB